000 00784nam a2200217Ii 4500
001 2409
003 CO-ViMGA
008 241108s9999||||xx |||||||||||||| ||und||
020 _a9586481409
040 _aCO-ViMGA
_bspa
_erda
_cCO-ViMGA
041 0 _aspa
082 0 4 _a657.458 C65cl
110 1 _aCommitte of Sponsoring Organizations of the Treadway Commission (COSO)
_952968
245 1 0 _aControl interno:
_bEstructura conceptual integrada; Herramientas de evaluación reportes a partes esternas estructura conceptual resumen ejecutivo
264 1 _aBogotá, Colombia : Ecoe ediciones, 1997
300 _avolumen
336 _atext
_btxt
_2rdacontent
337 _aunmediated
_bn
_2rdamedia
338 _avolume
_bnc
_2rdacarrier
940 _aidficha_siabuc: 2361. -- ficha_no_siabuc:2409
999 _c48270
_d48270